| 000 | 00351nam a2200133Ia 4500 | ||
|---|---|---|---|
| 005 | 20251222141903.0 | ||
| 008 | 251222s9999||||xx |||||||||||||| ||spa|| | ||
| 020 | _a978-958-20-0993-9 | ||
| 082 | _a371.26/M84 | ||
| 100 | _aMontenegro Aldana, Ignacio Abdón | ||
| 245 | 0 | _aCómo Evaluar El Aprendizaje Escolar: | |
| 264 | _bMagisterio | ||
| 942 | _cLIB | ||
| 999 |
_c8126 _d8126 |
||